|
|
|
|
| LEADER |
00000nab a2200000uu 4500 |
| 001 |
vtls011451029 |
| 003 |
SK-MaSNL |
| 005 |
20260327153025.0 |
| 008 |
230222|1977 xo |||||||||||||||||eng| |
| 015 |
|
|
|a SNBRB
|
| 035 |
|
|
|a (urnnbn)urn:nbn:sk:snk:ar-006k9o
|
| 035 |
|
|
|a (uuid)1d32ad84-d593-443b-888e-0c937cc4e44e
|
| 035 |
|
|
|a urn:nbn:sk:snk-abcn30
|
| 040 |
|
|
|a SNKBUCL
|b slo
|c SNKBUCL
|e AACR2
|
| 041 |
0 |
|
|a eng
|
| 044 |
|
|
|a xo
|c SK
|
| 100 |
1 |
|
|a Kubáček, Lubomír,
|d 1931-2026
|4 aut
|9 1635769
|
| 245 |
1 |
0 |
|a K. Sarkadi and I. Vincze: MATHEMATICAL METHODS OF STATISTICAL QUALITY CONTROL.
|c Lubomír Kubáček
|
| 773 |
0 |
|
|t Mathematica Slovaca
|g Roč. 27, č. 2 (1977), s. 203-204
|
| 958 |
|
|
|a OND
|
| 958 |
|
|
|a EUIPO
|
| 958 |
|
|
|a article16
|
| 999 |
|
|
|c 2017512
|d 2019442
|